000 00738nam a2200265Ia 4500
003 OSt
005 20221006160141.0
006 a|||||r|||| 00| 0
007 ta
008 221006b |||||||| |||| 00| 0 eng d
020 _a9781565913271
_c
_19.50
024 _a44,444
037 _bGift, KCC (Window on Korea)
_cTextual
040 _aEASL
_cEASL
_beng
041 _2eng
_aeng
082 _aNA495, Q1
100 _aYim Seock-jae
245 0 _aCity as art
_b 100 Notable Works of architecture in seoul
260 _aSeoul
_bHollym
_c2011
300 _a232p.
_ccm.
490 _v KEL
650 _aKEL
942 _hNA495, Q1
_cTEXL
_2CC
999 _c1112536
_d1112536